000 00243nam a2200097Ia 4500
005 20251222114351.0
008 251222s1900||||xx |||||||||||||| ||spa||
082 _aDVD191.3/U61T/2010/Ej.2
245 0 _aEl trabajo: Dra. Clara Caselli:
942 _cDVD
999 _c1231
_d1231